000 00698nam a2200241 a 4500
001
003 OSt
005 20240409073826.0
008 150406s2008 dr a 000 j spa d
020 _a9789945130638
040 _aDO-SdBNP
_bspa
_cBNPHU
082 _aRD863.5
_bC350p
_222
100 1 _aCastro Ortíz, Noé Leonardo
_d2004-
_973513
245 1 3 _aEl primer gato sin colores /
_cNoé Leonardo, Castro Ortíz.
250 _a
260 _aSanto Domingo :
_bMediabyte,
_c2008
300 _a40 p. :
_bil. ;
_c30 cm.
590 _aInventariado.2020/VM
650 0 _aCuentos infantiles dominicanos
_9505
650 4 _aLiteratura infantil dominicana
_9441
910 _aVMateo
942 _2ddc
_cLF2
999 _c49221
_d49221